LEADER 00882nam a2200277 i 4500 001 991001465569707536 005 20020502193917.0 008 990216s1975 it ||| | ita 020 $a8806443054 035 $ab11516768-39ule_inst 035 $aPRUMB61622$9ExL 040 $aDip. SSSC$bita 082 0 $a882 100 0 $aAristophanes$0602827 245 10$aRane /$cAristofane ; traduzione di Raffaele Cantarella 260 $aTorino :$bEinaudi,$c1975 300 $aXV, 67 p. ;$c18 cm. 490 0 $aCollezione di teatro 700 1 $aCantarella, Raffaele 740 0 $aBatrachoi 907 $a.b11516768$b01-03-17$c01-07-02 912 $a991001465569707536 945 $aLE021 NABISD1$g1$i2021000029998$lle021$o-$pE0.00$q-$rl$s- $t0$u0$v0$w0$x0$y.i11711966$z01-07-02 996 $aRane$92964590 997 $aUNISALENTO 998 $ale021$b01-01-99$cm$da $e-$fita$git $h0$i1 LEADER 01473nam 2200349 450 001 9910514185703321 005 20230830163456.0 035 $a(CKB)5700000000001534 035 $a(NjHacI)995700000000001534 035 $a(EXLCZ)995700000000001534 100 $a20230830d2021 uy 0 101 0 $aeng 135 $aur||||||||||| 181 $ctxt$2rdacontent 182 $cc$2rdamedia 183 $acr$2rdacarrier 200 10$aProceedings of the Twelfth Indian Conference on Computer Vision, Graphics and Image Processing /$fRama Chellappa 210 1$aNew York :$cAssociation for Computing Machinery,$d2021. 215 $a1 online resource (428 pages) $cillustrations 225 0 $aACM Other conferences 311 $a1-4503-7596-0 330 $aThe Indian Conference on Computer Vision, Graphics and Image Processing (ICVGIP) is India's premier conference in Computer Vision, Graphics, Image Processing and related fields. Started in 1998, it is a biennial international conference providing a forum for the presentation of technological advances and research findings in these areas. 606 $aComputer graphics$vCongresses 615 0$aComputer graphics 676 $a006.6 700 $aChellappa$b Rama$0491442 801 0$bNjHacI 801 1$bNjHacl 906 $aBOOK 912 $a9910514185703321 996 $aProceedings of the Twelfth Indian Conference on Computer Vision, Graphics and Image Processing$93470045 997 $aUNINA LEADER 02760nam 22006015 450 001 9910919818803321 005 20241227115302.0 010 $a9789819747603 010 $a9819747600 024 7 $a10.1007/978-981-97-4760-3 035 $a(MiAaPQ)EBC31862038 035 $a(Au-PeEL)EBL31862038 035 $a(CKB)37083959600041 035 $a(DE-He213)978-981-97-4760-3 035 $a(OCoLC)1485004817 035 $a(EXLCZ)9937083959600041 100 $a20241227d2024 u| 0 101 0 $aeng 135 $aurcnu|||||||| 181 $ctxt$2rdacontent 182 $cc$2rdamedia 183 $acr$2rdacarrier 200 10$aAdvances in Nano-Photonics and Quantum Optics $eProceedings of PHOTONICS 2023, Volume 4 /$fedited by Manukumara Manjappa, C. M. Chandrashekar, Ambarish Ghosh, Tapajyoti Das Gupta 205 $a1st ed. 2024. 210 1$aSingapore :$cSpringer Nature Singapore :$cImprint: Springer,$d2024. 215 $a1 online resource (131 pages) 225 1 $aLecture Notes in Electrical Engineering,$x1876-1119 ;$v1245 311 08$a9789819747597 311 08$a9819747597 330 $aThis book presents the proceedings of the Biennial Photonics Conference (Photonics 2023) held at IISc, Bengaluru on 5-8 July 2023. It covers topics across multiple areas of photonics, including established areas like optical communication and networks, quantum optics, non-linear and ultrafast photonics , nanophotonics , biophotonics and bioimaging, photonic integrated circuits , fibers and sensors, optical materials and fabrication techniques, optical metrology, and instrumentation, optofluidics, laser applications, optoelectronics. The book also covers emerging areas in photonics, such as THz photonics, structured Light, 2D materials, optomechanics, topological photonics, and AI/ML in photonics. The book will be useful for researchers and professionals interested in the broad field of photonics. 410 0$aLecture Notes in Electrical Engineering,$x1876-1119 ;$v1245 606 $aPhotonics 606 $aOptical engineering 606 $aOptics 606 $aPhotonics and Optical Engineering 606 $aOptics and Photonics 615 0$aPhotonics. 615 0$aOptical engineering. 615 0$aOptics. 615 14$aPhotonics and Optical Engineering. 615 24$aOptics and Photonics. 676 $a621.365 700 $aManjappa$b Manukumara$01781650 701 $aChandrashekar$b C. M$01781651 701 $aGhosh$b Ambarish$01781652 701 $aGupta$b Tapajyoti Das$01777065 801 0$bMiAaPQ 801 1$bMiAaPQ 801 2$bMiAaPQ 906 $aBOOK 912 $a9910919818803321 996 $aAdvances in Nano-Photonics and Quantum Optics$94306478 997 $aUNINA